|
|
|
|
| LEADER |
00844nam#a2200265#a#4500 |
| 001 |
001360 |
| 005 |
20160721141958.0 |
| 008 |
950714s1984####ag##################spa#d |
| 020 |
|
|
|a 9502500482
|
| 040 |
|
|
|a AR-BeUNQ
|
| 099 |
|
|
|a 30-A18
|
| 100 |
1 |
|
|a Acuña, Marcelo Luis
|
| 245 |
0 |
2 |
|a De Frondizi a Alfonsín :
|b la tradición política del radicalismo
|c Marcelo Luis Acuña.
|
| 260 |
|
|
|a Buenos Aires :
|b Centro Editor de América Latina,
|c 1984
|
| 300 |
|
|
|a 289 p
|
| 648 |
|
4 |
|a 1963-1983
|
| 650 |
|
7 |
|a POLITICOS
|2 spines
|
| 650 |
|
7 |
|a HISTORIA CONTEMPORANEA
|2 spines
|
| 650 |
|
7 |
|a PARTIDOS POLITICOS
|2 spines
|
| 651 |
|
7 |
|a ARGENTINA
|2 Spines
|
| 653 |
|
|
|a HISTORIA ARGENTINA
|
| 653 |
|
|
|a UNION CIVICA RADICAL
|
| 929 |
|
|
|a COMPRA
|b Centro Editor de América Latina
|c Exp. 827-0465/95
|d 4,90
|e 19950714
|j 11785
|
| 942 |
|
|
|c LIB
|n 0
|
| 999 |
|
|
|c 4161
|d 79548
|